International conference on software engineering and mobile application modelling and development : (Record no. 193468)
[ view plain ]
| 000 -LEADER | |
|---|---|
| fixed length control field | 00977nam a2200241Ia 4500 |
| 005 - DATE AND TIME OF LATEST TRANSACTION | |
| control field | 20250115110540.0 |
| 008 - FIXED-LENGTH DATA ELEMENTS--GENERAL INFORMATION | |
| fixed length control field | 210716s2012 xx 000 0 und d |
| 020 ## - INTERNATIONAL STANDARD BOOK NUMBER | |
| International Standard Book Number | 9788184248128 |
| 040 ## - CATALOGING SOURCE | |
| Transcribing agency | AIMIT LIBRARY |
| 041 ## - LANGUAGE CODE | |
| Language code of text/sound track or separate title | eng |
| 082 ## - DEWEY DECIMAL CLASSIFICATION NUMBER | |
| Classification number | 001.072368 |
| Edition number | 1 |
| Item number | MEHK |
| 100 ## - MAIN ENTRY--PERSONAL NAME | |
| Personal name | Mehta, K M;Hou, Jingyu. |
| 9 (RLIN) | 193444 |
| 245 ## - TITLE STATEMENT | |
| Title | International conference on software engineering and mobile application modelling and development : |
| Remainder of title | proceedings of ICSEMA 2012 / |
| Statement of responsibility, etc. | Edited by K M Mehata and Jingyu Hou. |
| 250 ## - EDITION STATEMENT | |
| Edition statement | 1st ed. |
| 260 ## - PUBLICATION, DISTRIBUTION, ETC. | |
| Place of publication, distribution, etc. | New Delhi : |
| Name of publisher, distributor, etc. | Allied Publishers Pvt Ltd , |
| Date of publication, distribution, etc. | 2012. |
| 300 ## - PHYSICAL DESCRIPTION | |
| Extent | xi,364p. ; |
| Other physical details | PB |
| Dimensions | 25.2 cm |
| 650 ## - SUBJECT ADDED ENTRY--TOPICAL TERM | |
| Topical term or geographic name entry element | Software quality measurement for reusability |
| 9 (RLIN) | 193445 |
| 650 ## - SUBJECT ADDED ENTRY--TOPICAL TERM | |
| Topical term or geographic name entry element | TSVHOA- traffic sensitive vertical handoff algorithm |
| 9 (RLIN) | 193446 |
| 650 ## - SUBJECT ADDED ENTRY--TOPICAL TERM | |
| Topical term or geographic name entry element | An ontological approach for effective knowledge engineering |
| 9 (RLIN) | 193447 |
| 700 ## - ADDED ENTRY--PERSONAL NAME | |
| Personal name | Mehata, K M., ed. |
| 9 (RLIN) | 193448 |
| 700 ## - ADDED ENTRY--PERSONAL NAME | |
| Personal name | Hou, Jingyu., ed. |
| 9 (RLIN) | 193449 |
| 942 ## - ADDED ENTRY ELEMENTS (KOHA) | |
| Source of classification or shelving scheme | Dewey Decimal Classification |
| Koha item type | Book |
| Edition | 1st |
| Call number prefix | 001.072368 MEHK |
| Withdrawn status | Lost status | Source of classification or shelving scheme | Damaged status | Not for loan | Collection code | Home library | Current library | Source of acquisition | Cost, normal purchase price | Inventory number | Total Checkouts | Full call number | Barcode | Date last seen | Cost, replacement price | Price effective from | Koha item type |
|---|---|---|---|---|---|---|---|---|---|---|---|---|---|---|---|---|---|
| Dewey Decimal Classification | MCA | St Aloysius Institute of Management & Information Technology | St Aloysius Institute of Management & Information Technology | Knowledge World | 750.00 | Bill no:1616; Bill dt:2013-05-20 | 001.072368 MEHK | MCA12976 | 07/21/2025 | 562.50 | 07/16/2021 | Book | |||||
| Dewey Decimal Classification | MCA | St Aloysius Institute of Management & Information Technology | St Aloysius Institute of Management & Information Technology | Knowledge World | 750.00 | Bill no:174; Bill dt:2014-07-12 | 001.072368 MEHK | MCA13465 | 07/21/2025 | 562.50 | 07/16/2021 | Book |